LDR 00603naa#a2200169#i#450# 001 EN\\bibl\124231 005 20260705052139.7 011 ## _a2073-0454 100 ## _a20240216b2024####ek#y0engy0150####ca 102 ## _aRU 200 1# _aUnion State Security Theory: state and concepts of development _eJournal article 210 1# _aMoscow _cMoscow University of the Ministry of Internal Affairs of Russia named after V.Ya. Kikot _d2024 215 ## _a5 с. 608 ## _aJournal article _2local 675 ## _aПраво. Юридические науки. 34 _z 700 #1 _aVoronov _gAleksey Mihaylovich 856 4# _amosumvd.editorum.ru _u